The Concept of Prosperity and Poverty in Ancient Egypt /
محفوظ في:
المؤلف الرئيسي:
التنسيق: كتاب
اللغة: Undetermined
منشور في:
2023
الوسوم: إضافة وسم
لا توجد وسوم, كن أول من يضع وسما على هذه التسجيلة!
رقم الطلب: THESIS 46
| LEADER | 00323nam a2200109Ia 4500 | ||
|---|---|---|---|
| 008 | 231023s9999||||xx |||||||||||||| ||und|| | ||
| 050 | 4 | |a THESIS 46 | |
| 100 | 0 | |a Amira Ali Abou El-Ghait | |
| 245 | 1 | 4 | |a The Concept of Prosperity and Poverty in Ancient Egypt / |c Amira Ali Abou El-Ghait. |
| 264 | 1 | |c 2023 | |
| 942 | |2 lcc |c THESES | ||
| 999 | |c 54858 |d 54858 | ||
